[Event "CZE-chT2E 2122"]
[Site "Czech Republic"]
[Date "2022.02.27"]
[Round "9.8"]
[White "Seidl, Pavel"]
[Black "Zamecnik, Ondrej"]
[Result "0-1"]
[WhiteElo "1906"]
[BlackElo "1602"]
[PlyCount "64"]
[EventDate "2021.10.17"]
[EventType "team-tourn"]
[EventRounds "11"]
[EventCountry "CZE"]
[SourceTitle "EXT 2024"]
[Source "ChessBase"]
[SourceDate "2023.10.10"]
[SourceVersion "1"]
[SourceVersionDate "2023.10.10"]
[SourceQuality "1"]
[WhiteTeam "Jihlava Gambit"]
[BlackTeam "Brno Lokomotiva"]
[WhiteTeamCountry "CZE"]
[BlackTeamCountry "CZE"]

1. e4 d5 2. exd5 Qxd5 3. Nc3 Qa5 4. Bc4 Nf6 5. Nf3 Bg4 6. 0-0 e6 7. d4 Bd6 8. Nb5 a6 9. Nxd6+ cxd6 10. Bf4 d5 11. Bb3 0-0 12. c3 Nbd7 13. h3 Bh5 14. g4 Bg6 15. Ne5 Qd8 16. h4 h6 17. Nxg6 fxg6 18. Bd6 Rf7 19. Bc2 Ne4 20. f3 Nxd6 21. Bxg6 Rf8 22. Qe1 Qf6 23. h5 e5 24. Rd1 Qf4 25. dxe5 Nxe5 26. Rxd5 Nxf3+ 27. Rxf3 Qxf3 28. Rxd6 Qxg4+ 29. Kh1 Qh3+ 30. Kg1 Rf4 31. Re6 Rg4+ 32. Kf2 Rg2+ 0-1

[Event "CZE-chT2E 2122"]
[Site "Czech Republic"]
[Date "2021.10.17"]
[Round "1.8"]
[White "Krena, Bohuslav"]
[Black "Seidl, Pavel"]
[Result "1/2-1/2"]
[WhiteElo "1946"]
[BlackElo "1906"]
[PlyCount "36"]
[EventDate "2021.10.17"]
[EventType "team-tourn"]
[EventRounds "11"]
[EventCountry "CZE"]
[SourceTitle "EXT 2024"]
[Source "ChessBase"]
[SourceDate "2023.10.10"]
[SourceVersion "1"]
[SourceVersionDate "2023.10.10"]
[SourceQuality "1"]
[WhiteTeam "Kurim"]
[BlackTeam "Jihlava Gambit"]
[WhiteTeamCountry "CZE"]
[BlackTeamCountry "CZE"]

1. c4 Nf6 2. Nc3 e5 3. Nf3 Nc6 4. g3 d6 5. Bg2 Bg4 6. 0-0 Qd7 7. Re1 Be7 8. d3 h6 9. Bd2 a6 10. a3 0-0 11. b4 Rab8 12. b5 Nd4 13. e3 Nxf3+ 14. Bxf3 Bxf3 15. Qxf3 c6 16. a4 Qg4 17. Qg2 Qd7 18. e4 Bd8 1/2-1/2

[Event "CZE-chT2D 1011"]
[Site "Czech Republic"]
[Date "2011.02.20"]
[Round "8"]
[White "Seidl, Pavel"]
[Black "Sedlacek, Oldrich"]
[Result "1/2-1/2"]
[WhiteElo "1857"]
[BlackElo "2289"]
[PlyCount "96"]
[EventDate "2010.10.17"]
[EventType "team-tourn"]
[EventRounds "11"]
[EventCountry "CZE"]
[SourceTitle "EXT 2012"]
[Source "ChessBase"]
[SourceDate "2011.11.24"]
[SourceVersion "1"]
[SourceVersionDate "2011.11.24"]
[SourceQuality "1"]
[WhiteTeam "Bedrichov"]
[BlackTeam "Trebic Caissa"]
[WhiteTeamCountry "CZE"]
[BlackTeamCountry "CZE"]

1. e4 d6 2. d3 g6 3. c3 Bg7 4. Be3 e5 5. g4 Nc6 6. Bg2 h5 7. g5 Nge7 8. Nd2 Be6 9. Bh3 Bxh3 10. Nxh3 d5 11. Nb3 a5 12. a4 Qd7 13. Qf3 b6 14. Ng1 Rd8 15. Bd2 dxe4 16. dxe4 Qe6 17. Nc1 0-0 18. Nge2 Qd6 19. Nb3 Rd7 20. 0-0 Qe6 21. Nec1 Nc8 22. Be3 Rfd8 23. Qe2 Nd6 24. Nd2 Bf8 25. Ncb3 Be7 26. Kg2 Nxe4 27. Nxe4 Qxb3 28. Nf6+ Bxf6 29. gxf6 Qe6 30. Qf3 Qd5 31. Qxd5 Rxd5 32. Rfe1 R8d6 33. Bg5 Kf8 34. Re2 Re6 35. Rae1 Nd8 36. c4 Rd4 37. Rxe5 Rg4+ 38. Kf1 Rxc4 39. Rd1 Nc6 40. Rxe6 fxe6 41. Rd7 Ne5 42. Bh6+ Ke8 43. Re7+ Kd8 44. Rxe6 Nf7 45. Be3 Rxa4 46. Re7 Nd6 47. Bg5 Rd4 48. f7 Nxf7 1/2-1/2

[Event "CZE-ch Juniors op-A"]
[Site "Sec u Chrudimi"]
[Date "2008.03.09"]
[Round "2"]
[White "Seidl, Pavel"]
[Black "Straka, Ondrej"]
[Result "0-1"]
[WhiteElo "1877"]
[BlackElo "2053"]
[PlyCount "74"]
[EventDate "2008.03.08"]
[EventType "swiss"]
[EventRounds "9"]
[EventCountry "CZE"]
[SourceTitle "EXT 2009"]
[Source "ChessBase"]
[SourceDate "2008.11.26"]
[SourceVersion "1"]
[SourceVersionDate "2008.11.26"]
[SourceQuality "1"]

1. e4 c5 2. Nc3 Nc6 3. f4 e6 4. Bc4 g6 5. Nf3 Bg7 6. f5 gxf5 7. exf5 d5 8. Bb5 e5 9. Qe2 Qd6 10. d3 Bxf5 11. Ng5 f6 12. 0-0 Nge7 13. Bxc6+ bxc6 14. Rxf5 Nxf5 15. Qh5+ Kd7 16. Nf7 Qe6 17. Na4 Kc7 18. Nxh8 Rxh8 19. Nxc5 Qe7 20. b4 Nd4 21. c3 Ne6 22. Nxe6+ Qxe6 23. Be3 a6 24. a4 f5 25. b5 f4 26. Bc5 a5 27. Rb1 Qg6 28. Qf3 Rb8 29. c4 dxc4 30. Rc1 Rd8 31. dxc4 Rd3 32. Qf2 cxb5 33. cxb5 Kb7 34. Be7 f3 35. g3 Bh6 36. Re1 Rd2 37. Qc5 f2+ 0-1

[Event "CZE-ch Juniors op-A"]
[Site "Sec u Chrudimi"]
[Date "2008.03.08"]
[Round "1"]
[White "Hajek, Jaroslav"]
[Black "Seidl, Pavel"]
[Result "0-1"]
[WhiteElo "1967"]
[BlackElo "1877"]
[PlyCount "65"]
[EventDate "2008.03.08"]
[EventType "swiss"]
[EventRounds "9"]
[EventCountry "CZE"]
[SourceTitle "EXT 2009"]
[Source "ChessBase"]
[SourceDate "2008.11.26"]
[SourceVersion "1"]
[SourceVersionDate "2008.11.26"]
[SourceQuality "1"]

1. e4 Nc6 2. d4 d5 3. e5 Bf5 4. f4 a6 5. Nf3 e6 6. Be2 Be7 7. 0-0 h5 8. c3 Nh6 9. b3 h4 10. h3 Rg8 11. Ba3 Bxa3 12. Nxa3 Qe7 13. Nc2 Bxc2 14. Qxc2 Nf5 15. Rf2 Qf8 16. Ng5 Rh8 17. b4 Ke7 18. b5 axb5 19. Bxb5 Ra5 20. Qb3 Qa8 21. Bxc6 bxc6 22. Qb4+ c5 23. dxc5 Rb8 24. Rb2 Rxb4 25. cxb4 Ra4 26. Nf3 Qa7 27. Kh2 d4 28. Ne1 Ra3 29. Rd2 Qb7 30. Nc2 Rg3 31. Rg1 Qe4 32. b5 Qxf4 33. Kh1 0-1

[Event "CZE-ch opA U18"]
[Site "Frymburk"]
[Date "2002.??.??"]
[Round "7"]
[White "Seidl, Pavel"]
[Black "Novacek, Karel"]
[Result "0-1"]
[WhiteElo "1847"]
[BlackElo "2065"]
[PlyCount "98"]
[EventDate "2002.03.??"]
[EventType "swiss"]
[EventRounds "8"]
[EventCountry "CZE"]
[SourceTitle "EXT 2004"]
[Source "ChessBase"]
[SourceDate "2003.11.25"]
[SourceVersion "1"]
[SourceVersionDate "2003.11.25"]
[SourceQuality "1"]

1. e4 e5 2. Nf3 Nc6 3. d4 exd4 4. Bc4 Nf6 5. e5 d5 6. Bb5 Ne4 7. Nxd4 Bd7 8. Nf3 Bg4 9. 0-0 Bc5 10. Nc3 Nxc3 11. bxc3 0-0 12. h3 Bxf3 13. Qxf3 Nxe5 14. Qg3 Bd6 15. Bf4 Qf6 16. Rfe1 Nf3+ 17. Qxf3 Bxf4 18. Rad1 c6 19. Bd3 Rfe8 20. c4 dxc4 21. Bxc4 Rxe1+ 22. Rxe1 Rd8 23. Qe4 g6 24. g3 Bd6 25. Re3 Rf8 26. Bb3 Kg7 27. Rd3 Bc5 28. Rf3 Qd6 29. Rd3 Qc7 30. Qe2 Be7 31. Qg4 Rd8 32. Qf3 Bf6 33. Kg2 a5 34. Rxd8 Qxd8 35. a4 Qd6 36. Qe2 Qd7 37. Qc4 b5 38. Qe4 b4 39. Qc4 Bd4 40. Qa6 Qf5 41. Qe2 c5 42. Qf3 Qd7 43. Qd3 h5 44. Qa6 Qf5 45. Qe2 Kh6 46. Bc4 Kg5 47. Qe7+ Kh6 48. Qe2 Kg7 49. Bb3 Kf6 0-1